| 000 | 00568nam a2200193Ia 4500 | ||
|---|---|---|---|
| 008 | 151119s9999||||xx |||||||||||||| ||und|| | ||
| 082 | _a891.463रोझ/डाय | ||
| 082 | _bGKKV32392 | ||
| 100 | _aरोझ करेन | ||
| 245 | _aडाय फोर मी | ||
| 260 | _aपुणे | ||
| 260 | _bमेहता पब्लीशिग हाउस | ||
| 260 | _c2013 | ||
| 600 | _aरोझ करेन | ||
| 630 | _aडाय फोर मी | ||
| 700 | _aरोझ करेन | ||
| 730 | _aडाय फोर मी | ||
| 942 | _cBOOK | ||
| 999 |
_c1084696 _d1084693 |
||